| 000 | 01096cam a22003134a 4500 | ||
|---|---|---|---|
| 999 |
_c1311 _d1311 |
||
| 001 | 13688521 | ||
| 003 | OSt | ||
| 005 | 20210625083145.0 | ||
| 008 | 040816s2006 maua 001 0 eng | ||
| 010 | _a 2004057320 | ||
| 020 | _a0321286715 (SE) | ||
| 020 | _a032128724X (IE) | ||
| 040 |
_aDLC _cDLC _dDLC |
||
| 042 | _apcc | ||
| 050 | 0 | 0 |
_aQA276.12 _b.D4 2006 |
| 082 | 0 | 0 |
_a519.5 _222 |
| 100 | 1 | _aDe Veaux, Richard D. | |
| 245 | 1 | 0 |
_aIntro stats / _cRichard D. De Veaux, Paul F. Velleman, David E. Bock. |
| 250 | _a2nd ed. | ||
| 260 |
_aBoston : _bPearson Addison Wesley, _cc2006. |
||
| 300 |
_axxv, 677, 59 p. : _bill. (some col.) ; _c27 cm. + _e1 CD-ROM (4 3/4 in.) |
||
| 500 | _aIncludes indexes. | ||
| 650 | 0 |
_aStatistics _vTextbooks. |
|
| 700 | 1 |
_aVelleman, Paul F., _d1949- |
|
| 700 | 1 | _aBock, David E. | |
| 906 |
_a7 _bcbc _corignew _d1 _eocip _f20 _gy-gencatlg |
||
| 942 |
_2lcc _cBK _nSO |
||